LEADER 00861nam a2200217 i 4500 001 000000156855 003 CaOOAMICUS 005 20061214000000.0 008 061214s2005 it u000 u ita u 013 $a134210 040 $aSeMil$bita 100 1 $aAuster, Paul,$d<1947- >.$0(OLS)http://semarc/name/30136 240 14$aThe Brooklyn Follies.$0(OLS)http://semarc/title/229984 245 10$aFollie di Brooklyn /$cPaul Auster. 260 $aTorino :$bGiulio Einaudi,$c2005 (Stampa 2006)$e(Milano :$fMondolibri ,$g2005 (Stampa 2006)) 300 $a265 p. ;$c23 cm. 850 $aSeMil 852 $aSeMil$W1$xVenegono$y1$m1U V 16$j108603$B108603$CSeMilBibl$Z2$F118576 $81 961 $aOmaggio: Martinelli don Romano 996 $6245$aFollie di Brooklyn$9(OLS)http://semarc/title/229983 996 $6260$aTorino :$bGiulio Einaudi$9(OLS)http://semarc/publisher/29810 LEADER 00587nab a2200145 i 4500 001 000000283134 003 CaOOAMICUS 005 20180831165232.0 008 180831n xx uu u0 0und r 013 $a36114 040 $aSeMil$bita 245 10$a[SENZA TITOLO]. - 8 p. :$bill. 500 $aDicembre 1939. 773 0 $tContributo alla preparazione spirituale delle Confraternite del SS. Sacramento per le Feste diocesane celebrative del 16. Centenario della Nascita di Sant'Ambrogio.$dMilano : [s.n.], 1938-1940$w()236798 996 $6245$a[SENZA TITOLO]. - 8 p. :$bill.$9(OLS)http://semarc/title/364770 LEADER 00787nam a2200205 i 4500 001 000000227802 003 CaOOAMICUS 005 20140310000000.0 008 140310s1868 it u000 u lat u 013 $a206704 040 $aSeMil$bita 245 10$aTomus 14. 300 $aXXIX, 650 p. 500 $aFondo Bidoglio. 773 0 $aBonaventura : da Bagnorea $tS.R.E. Cardinalis s. Bonaventurae opera omnia Sixti 5. pontificis maximi iussu diligentissime emendata.$bEditio accurate recognita ...$dParisiis : L. Vivès, 1864-1871.$g14$w()29522 850 $aSeMil 852 $aSeMil$W1$xVenegono$y1$m2N VII 14 FA$j178148$B178148$CSeMilBibl$Z2$F188948 $8I 941 1 $a2 961 $aLascito: Bidoglio don Maurizio 996 $6245$aTomus 14$9(OLS)http://semarc/title/311661 LEADER 00540nab a2200145 i 4500 001 000000291681 003 CaOOAMICUS 005 20180831165510.0 008 180831n xx uu u0 0und r 013 $a47172 040 $aSeMil$bita 245 10$a[SENZA TITOLO]. - [4] p. manoscritte. - In calce :$b1 Gennaio 1916, I vostri compagni. 500 $a1 Gennaio 1916. 773 0 $tNodo.$d[Milano] : [s.n.], [2017]$w()256348 996 $6245$a[SENZA TITOLO]. - [4] p. manoscritte. - In calce :$b1 Gennaio 1916, I vostri compagni.$9(OLS)http://semarc/title/368299